Loading...

Readings in Educational Technology

Bibliographic Details
Main Author: B.Anand Rao
Format: Printed Book
Published: Himalaya Publishing House,Mumbai 1982
LEADER 00335nam a2200109 4500
082
100 |a B.Anand Rao 
245 |a Readings in Educational Technology  |c B.Anand Rao 
260 |a Himalaya Publishing House,Mumbai  |c 1982 
942 |c BK 
999 |c 195490  |d 195490 
952 |0 0  |1 0  |4 0  |7 0  |9 208839  |a DCI  |b DCI  |d 2019-10-29  |l 0  |p DCI1913  |r 2019-10-29  |w 2019-10-29  |y BK